[Event "Copenhagen Bronshoj op"]
[Site "Copenhagen"]
[Date "2015.02.07"]
[Round "3"]
[White "O'Hayv, Nikolaj Benjamin"]
[Black "Petersen, Peter Birk"]
[Result "0-1"]
[WhiteElo "1890"]
[BlackElo "2158"]
[PlyCount "62"]
[EventDate "2015.02.06"]
[EventType "swiss"]
[EventRounds "7"]
[EventCountry "DEN"]
[SourceTitle "EXT 2016"]
[Source "ChessBase"]
[SourceDate "2015.10.08"]
[SourceVersion "1"]
[SourceVersionDate "2015.10.08"]
[SourceQuality "1"]

1. e4 c5 2. Nc3 Nc6 3. f4 g6 4. Nf3 Bg7 5. g3 d6 6. Bg2 e6 7. d3 Nge7 8. 0-0 0-0 9. g4 f5 10. gxf5 exf5 11. Ne2 Bd7 12. c3 Qb6 13. Ng3 Rae8 14. Ng5 h6 15. Nf3 Kh7 16. Nh4 Bf6 17. Nf3 Nd8 18. e5 Bg7 19. h4 dxe5 20. fxe5 Nec6 21. h5 Nxe5 22. Nxe5 Bxe5 23. hxg6+ Qxg6 24. Ne2 Bc6 25. Rf2 f4 26. Bxf4 Bxf4 27. Nxf4 Rxf4 28. Qd2 Rxf2 29. Qxf2 Rg8 30. Re1 Qxg2+ 31. Qxg2 Rxg2+ 0-1